书目信息 |
| 题名: |
氧化铝生产工艺学
|
|
| 作者: | 杨重愚 主编 | |
| 分册: | ||
| 出版信息: | 北京 冶金工业出版社 1982 |
|
| 页数: | 384页 | |
| 开本: | 21cm | |
| 丛书名: | ||
| 单 册: | ||
| 中图分类: | TF821 | |
| 科图分类: | ||
| 主题词: | 炼铝-氧化铝--生产工艺 , 氧化铝-炼铝--生产工艺 | |
| 电子资源: | ||
| ISBN: | ||
| 000 | 00649nam0 2200241 45 | |
| 001 | 0182011014 | |
| 005 | 20060731083727.12 | |
| 010 | @dCNY1.55 | |
| 091 | @a15062.3794 | |
| 100 | @a19950630d1982 em y0chiy0121 ea | |
| 101 | 0 | @achi |
| 102 | @aCN@b110000 | |
| 105 | @ay z 000yy | |
| 200 | 10 | @a氧化铝生产工艺学@Ayang hua lu sheng chan gong yi xue@f杨重愚主编 |
| 210 | @a北京@c冶金工业出版社@d1982 | |
| 215 | @a384页@d21cm | |
| 606 | @a炼铝-氧化铝@x生产工艺 | |
| 606 | @a氧化铝-炼铝@x生产工艺 | |
| 690 | @aTF821@v3 | |
| 701 | 0 | @a杨重愚@Ayang chong yu@4主编 |
| 801 | 2 | @aCN@bNLC@c20060731 |
| 801 | 0 | @aCN@bTSSF |
| 905 | @a10447@dTF821@e17 | |
| 氧化铝生产工艺学/杨重愚主编.-北京:冶金工业出版社,1982 |
| 384页;21cm |
| ISBN :CNY1.55 |
| ● |
| 相关链接 |
|
|
|
|
正题名:氧化铝生产工艺学
索取号:TF821/17
 
预约/预借
| 序号 | 登录号 | 条形码 | 馆藏地/架位号 | 状态 | 备注 |
| 1 | 0439056 | 204390569 | 密集书库/ [索取号:TF821/17] | 在馆 |